WWE - Undertaker Wrestlemania Streak - Statistiques

Statistiques générales
  • Ce quiz a été pris 473 fois
  • Le résultat moyen est 17 sur 27
Statistiques - réponses
Hint Réponse % Correct
WrestleMania XXX (21-1) Brock Lesnar
97%
WrestleMania-X-Seven (9-0) Triple H
96%
WrestleMania XXVII (19-0) Triple H
96%
WrestleMania XXVIII (20-0) Triple H
96%
WrestleMania 34 (24-2) John Cena
92%
WrestleMania 33 (23-2) Roman Reigns
91%
WrestleMania 25 (17-0) Shawn Michaels
91%
WrestleMania XXVI (18-0) Shawn Michaels
91%
WrestleMania XXIV (16-0) Edge
81%
WrestleMania XIV (7-0) Kane
81%
WrestleMania XX (12-0) Kane
81%
WrestleMania 21 (13-0) Randy Orton
80%
WrestleMania 29 (21-0) Cm Punk
77%
WrestleMania 23 (14-0) Batista
75%
WrestleMania (25-2) Aj Styles
74%
WrestleMania 31 (22-1) Bray Wyatt
69%
WrestleMania 32 (23-1) Shane MacMahon
47%
WrestleMania 22 (14-0) Mark Henry
44%
WrestleMania IX (3-0) Giant Gonzalez
40%
WrestleMania X8 (10-0) Ric Flair
36%
WrestleMania XVII (1-0) Jimmy Snuka
27%
WrestleMania XII (5-0) Diesel
23%
WrestleMania XV (8-0) Big Boss Man
21%
WrestleMania XVIII (2-0) Jake Roberts
20%
WrestleMania XI (4-0) King Kong Bundy
18%
WrestleMania XIX (11-0) A-Train & Big Show
11%
WrestleMania 13 (6-0) Sycho Sid
11%
Aucun quiz correspondant
Distribution des résultats
% des personnes avec chaque résultat
Percentile par nombre de réponses
Votre historique - résultats
Vous n’avez pas pris ce quiz